computer Operator [and] Programming Assistance (Record no. 541)

MARC details
000 -LEADER
Fixed length control field 00482nam a2200169 4500
003 - CONTROL NUMBER IDENTIFIER
Control field SEACOMMC
005 - DATE AND TIME OF LATEST TRANSACTION
Control field 20250411140744.0
008 - FIXED-LENGTH DATA ELEMENTS--GENERAL INFORMATION
Fixed length control field 240911b |||||||| |||| 00| 0 eng d
020 ## - INTERNATIONAL STANDARD BOOK NUMBER / ISBN
International Standard Book Number 000-00-0000-330-1
Price Rs.295.00
040 ## - CATALOGING SOURCE
Original cataloging agency SEACOMMC
082 ## - DEWEY DECIMAL CLASSIFICATION NUMBER
Classification number 005.5
Book Number R883
100 ## - MAIN ENTRY--PERSONAL NAME
Personal name Roy Gautam
245 1# - TITLE STATEMENT
Title computer Operator [and] Programming Assistance
Statement of responsibility Gautam Roy
260 ## - IMPRINT
Place of publication Delhi
Name of publisher Asian Books
Date of publication 2005
650 ## - SUBJECT ADDED ENTRY--TOPICAL TERM
Topical term computer,Operator,and,Programming,Assistance,
942 ## - ADDED ENTRY ELEMENTS (KOHA)
Koha item type Books
Holdings
Withdrawn status Lost status Source of classification Damaged status Not for loan Home library Current library Date acquired Total Checkouts Call number Accession number Date last seen Price effective from Koha item type Copy number
    Dewey Decimal Classification     SEACOM MANAGEMENT COLLEGE SEACOM MANAGEMENT COLLEGE 21/09/2007   005.5 R883 M-44 11/09/2024 11/09/2024 Books  
    Dewey Decimal Classification     SEACOM MANAGEMENT COLLEGE SEACOM MANAGEMENT COLLEGE 21/09/2007   005.5 R883 M-45 11/09/2024 11/09/2024 Books 1
    Dewey Decimal Classification     SEACOM MANAGEMENT COLLEGE SEACOM MANAGEMENT COLLEGE 21/09/2007   005.5 R883 M-46 11/09/2024 11/09/2024 Books 2
    Dewey Decimal Classification     SEACOM MANAGEMENT COLLEGE SEACOM MANAGEMENT COLLEGE 21/09/2007   005.5 R883 M-47 11/09/2024 11/09/2024 Books 3
© Seacom Engineering College, All rights reserved.    Powered by Koha